[Event "Cappelle Online (Women) op"]
[Site "Europe Echecs INT"]
[Date "2021.03.08"]
[Round "9"]
[White "Muller, Lorelei"]
[Black "Laigle, Corinne"]
[Result "1-0"]
[WhiteElo "1531"]
[BlackElo "1029"]
[PlyCount "63"]
[EventDate "2021.03.08"]
[EventType "swiss (blitz)"]
[EventRounds "11"]
[EventCountry "FRA"]
[SourceTitle "CBM 201 Extra"]
[Source "ChessBase"]
[SourceDate "2021.05.31"]
[SourceVersion "1"]
[SourceVersionDate "2021.05.31"]
[SourceQuality "1"]

1. e4 e5 2. Nf3 f5 3. d3 Nc6 4. Nc3 Nf6 5. Bg5 fxe4 6. Nxe4 Bb4+ 7. c3 Ba5 8. Be2 0-0 9. 0-0 Qe8 10. Nxf6+ gxf6 11. Qb3+ d5 12. Bh6 Bh3 13. Qxd5+ Kh8 14. Qe4 f5 15. Qh4 Bxg2 16. Kxg2 Qg6+ 17. Kh1 e4 18. dxe4 Rg8 19. Rg1 Qd6 20. Rxg8+ Rxg8 21. Bf4 Qg6 22. Rg1 Qf7 23. Rxg8+ Qxg8 24. Qf6+ Qg7 25. Qxg7+ Kxg7 26. exf5 Kf6 27. Bd3 Bb6 28. Bg5+ Kg7 29. f6+ Kf7 30. Bc4+ Kg6 31. f7 Bxf2 32. f8Q 1-0

[Event "Trophee Roza Lallemand Online"]
[Site "Tornelo INT"]
[Date "2020.12.13"]
[Round "4"]
[White "Gelin, Helene"]
[Black "Laigle, Corinne"]
[Result "1-0"]
[WhiteElo "1133"]
[BlackElo "1029"]
[PlyCount "57"]
[EventDate "2020.12.13"]
[EventType "swiss (rapid)"]
[EventRounds "9"]
[EventCountry "USA"]
[SourceTitle "EXT 2022"]
[Source "ChessBase"]
[SourceDate "2021.10.06"]
[SourceVersion "1"]
[SourceVersionDate "2021.10.06"]
[SourceQuality "1"]

1. e4 b6 2. d4 Bb7 3. Nc3 e6 4. Nf3 Nf6 5. e5 Nd5 6. Nxd5 Bxd5 7. Bg5 f6 8. exf6 gxf6 9. Bxf6 Qxf6 10. c3 Nc6 11. Be2 0-0-0 12. 0-0 Bd6 13. a4 Na5 14. b4 Bb3 15. Qd3 Bc4 16. Qe4 Bd5 17. Qe3 Nb3 18. Ra3 Bxb4 19. cxb4 Nxd4 20. Nxd4 Qg6 21. Bf3 Bc4 22. Nb5 Bxf1 23. Kxf1 Qb1+ 24. Ke2 Qb2+ 25. Ke1 Qb1+ 26. Bd1 Qxb4+ 27. Kf1 Qh4 28. Qf3 Qxh2 29. Qa8# 1-0